Normal view
MARC view
- OSAMA AFTAB TOOR, MUHAMMAD BILAL, IRFAN BASHIR
Entry Personal Name
001 - CONTROL NUMBER
- control field: 71597
003 - CONTROL NUMBER IDENTIFIER
- control field: NUST
005 - DATE AND TIME OF LATEST TRANSACTION
- control field: 20210628204644.0
008 - FIXED-LENGTH DATA ELEMENTS
- fixed length control field: 210628|| aca||aabn | a|a d
040 ## - CATALOGING SOURCE
- Original cataloging agency: NUST
- Transcribing agency: NUST
100 ## - HEADING--PERSONAL NAME
- Personal name: OSAMA AFTAB TOOR, MUHAMMAD BILAL, IRFAN BASHIR
670 ## - SOURCE DATA FOUND
- Source citation: Work cat.: (NUST): OSAMA AFTAB TOOR, MUHAMMAD BILAL, IRFAN BASHIR, PR-SOF-1471-IMPLEMENTATION OF NOC ARCHITECTURE IN MPSOC.PDF, 2015
